Guerra virtual : (Record no. 23423)

MARC details
000 -LEADER
campo de control de longitud fija 00681cam a2200229 4500
001 - NÚMERO DE CONTROL
campo de control 23235
005 - FECHA Y HORA DE LA ÚLTIMA TRANSACCIÓN
campo de control 20230410103647.0
008 - DATOS DE LONGITUD FIJA--INFORMACIÓN GENERAL
campo de control de longitud fija 060907n2003 sp spa
020 ## - NÚMERO INTERNACIONAL ESTÁNDAR DEL LIBRO
Número Internacional Estándar del Libro 8449313775
035 ## - NÚMERO DE CONTROL DEL SISTEMA
-- funglode23402
041 ## - CÓDIGO DE IDIOMA
Código de lengua del texto/banda sonora o título independiente spa
050 14 - SIGNATURA TOPOGRÁFICA DE LA BIBLIOTECA DEL CONGRESO
Número de clasificación 300 DR 2087
Número de ítem I24g 2003
082 00 - NÚMERO DE LA CLASIFICACIÓN DECIMAL DEWEY
Número de clasificación 949.7103
100 1# - ENTRADA PRINCIPAL--NOMBRE DE PERSONA
Nombre de persona Ignatieff, Michael,
Fechas asociadas al nombre 1947-
245 10 - MENCIÓN DEL TÍTULO
Título Guerra virtual :
Resto del título más allá de Kosovo /
Mención de responsabilidad, etc. Michael Ignatieff
260 ## - PUBLICACIÓN, DISTRIBUCIÓN, ETC.
Lugar de publicación, distribución, etc. Barcelona :
Nombre del editor, distribuidor, etc. Paidós,
Fecha de publicación, distribución, etc. 2003
300 ## - DESCRIPCIÓN FÍSICA
Extensión 195 p
440 #0 - MENCIÓN DE SERIE/PUNTO DE ACCESO ADICIONAL--TÍTULO
Título Paidós historia contemporánea ;
Designación de volumen o secuencia 009
500 ## - NOTA GENERAL
Nota general Traducido de: Virtual war: Kosovo and beyond.
650 #0 - PUNTO DE ACCESO ADICIONAL DE MATERIA--TÉRMINO DE MATERIA
Término de materia o nombre geográfico como elemento de entrada Kosovo (Serbia)
Subdivisión general History
Subdivisión cronológica Civil War, 1998-
942 ## - ELEMENTOS DE ENTRADA SECUNDARIOS (KOHA)
Fuente del sistema de clasificación o colocación Clasificación de Library of Congress
Tipo de ítem Koha
Holdings
Estatus retirado Estado de pérdida Fuente del sistema de clasificación o colocación Estado de daño No para préstamo Colección Biblioteca de origen Biblioteca actual Ubicación en estantería Fecha de adquisición Serial enumeration / chronology Signatura topográfica completa Código de barras Visto por última vez Copia número Tipo de ítem Koha
    Clasificación de Library of Congress     Recursos Regionales Biblioteca Juan Bosch Biblioteca Juan Bosch Recursos Regionales (2do. Piso) 23/10/2018 1 300 DR 2087 I24g 2003 00000023583 23/10/2018 1